[Event "HUN-chT2 Maroczy 1213"]
[Site "Hungary"]
[Date "2013.02.17"]
[Round "7"]
[White "Zalai, Mihaly"]
[Black "Jeszenszky, Tibor"]
[Result "1/2-1/2"]
[WhiteElo "2158"]
[BlackElo "2325"]
[PlyCount "102"]
[EventDate "2012.09.16"]
[EventType "team-tourn"]
[EventRounds "11"]
[EventCountry "HUN"]
[SourceTitle "EXT 2014"]
[Source "ChessBase"]
[SourceDate "2013.11.20"]
[SourceVersion "1"]
[SourceVersionDate "2013.11.20"]
[SourceQuality "1"]
[WhiteTeam "Oroshaza"]
[BlackTeam "Roeszke"]
[WhiteTeamCountry "HUN"]
[BlackTeamCountry "HUN"]

1. d4 Nf6 2. Nf3 g6 3. Bf4 d6 4. c4 Bg7 5. Nc3 0-0 6. e3 Nc6 7. Be2 Nd7 8. h3 e5 9. Bh2 exd4 10. exd4 Re8 11. Qd2 Nf6 12. 0-0 Ne4 13. Nxe4 Rxe4 14. Bd3 Re8 15. d5 Ne7 16. Rae1 Bf5 17. Bxf5 Nxf5 18. Rxe8+ Qxe8 19. Re1 Qd7 20. b3 Re8 21. Re2 Qd8 22. Qe1 Rxe2 23. Qxe2 Qf6 24. Bf4 h6 25. g3 g5 26. Bc1 Qc3 27. Qd1 Nd4 28. Nxd4 Bxd4 29. Kg2 a6 30. Qd2 Qa1 31. Qc2 Bf6 32. a4 Qe5 33. Qd3 Kf8 34. Bd2 Bg7 35. Ba5 b6 36. Bd2 a5 37. Qe3 f5 38. Qxe5 dxe5 39. b4 axb4 40. Bxb4+ Ke8 41. a5 bxa5 42. Bxa5 Kd7 43. g4 fxg4 44. hxg4 e4 45. Bb4 c6 46. Bc5 cxd5 47. cxd5 Bf6 48. f3 e3 49. Kf1 Be7 50. Bxe3 Kd6 51. Ke2 Kxd5 1/2-1/2

[Event "HUN-chT2 Maroczy 1112"]
[Site "Hungary"]
[Date "2012.01.29"]
[Round "5"]
[White "Zalai, Mihaly"]
[Black "Hardicsay, Peter"]
[Result "1/2-1/2"]
[WhiteElo "2184"]
[BlackElo "2266"]
[PlyCount "73"]
[EventDate "2011.09.25"]
[EventType "team-tourn"]
[EventRounds "11"]
[EventCountry "HUN"]
[SourceTitle "EXT 2013"]
[Source "ChessBase"]
[SourceDate "2012.11.22"]
[SourceVersion "1"]
[SourceVersionDate "2012.11.22"]
[SourceQuality "1"]
[WhiteTeam "Oroshaza"]
[BlackTeam "Fuezesabony"]
[WhiteTeamCountry "HUN"]
[BlackTeamCountry "HUN"]

1. d4 Nf6 2. c4 e6 3. Nc3 Bb4 4. Qc2 0-0 5. Bg5 h6 6. Bxf6 Qxf6 7. a3 Bxc3+ 8. Qxc3 d6 9. Nf3 b6 10. e3 Bb7 11. Be2 Nd7 12. Rc1 a5 13. b3 Rae8 14. 0-0 e5 15. dxe5 Nxe5 16. Nxe5 Rxe5 17. f4 Re6 18. Bf3 Bxf3 19. Qxf6 Rxf6 20. gxf3 Re8 21. Kf2 Kf8 22. Rfd1 g5 23. fxg5 hxg5 24. h3 Rh6 25. Rh1 Rh4 26. Rcg1 f6 27. Rg4 Rh5 28. Rd4 Kf7 29. Rd5 Reh8 30. Kg3 Ke6 31. e4 Rh4 32. Rf5 c6 33. Rh2 R4h6 34. Rh1 Rd8 35. Rd1 Rdh8 36. Rh1 R6h7 37. Rh2 1/2-1/2

[Event "HUN-chT2 Maroczy 1011"]
[Site "Hungary"]
[Date "2011.04.17"]
[Round "9"]
[White "Paal, Attila"]
[Black "Zalai, Mihaly"]
[Result "1/2-1/2"]
[WhiteElo "2211"]
[BlackElo "2133"]
[PlyCount "74"]
[EventDate "2010.09.12"]
[EventType "team-tourn"]
[EventRounds "11"]
[EventCountry "HUN"]
[SourceTitle "EXT 2012"]
[Source "ChessBase"]
[SourceDate "2011.11.24"]
[SourceVersion "1"]
[SourceVersionDate "2011.11.24"]
[SourceQuality "1"]
[WhiteTeam "Penzugyor II"]
[BlackTeam "Oroshaza"]
[WhiteTeamCountry "HUN"]
[BlackTeamCountry "HUN"]

1. Nc3 c5 2. Nf3 Nc6 3. e4 g6 4. Bb5 Bg7 5. Bxc6 dxc6 6. d3 e5 7. Be3 b6 8. Qd2 f6 9. h3 Be6 10. Ne2 Ne7 11. Bh6 Bxh6 12. Qxh6 Kf7 13. g4 Qf8 14. Qe3 g5 15. Ng3 Ng6 16. 0-0-0 Nf4 17. Kb1 h5 18. Nf5 hxg4 19. hxg4 Bxf5 20. exf5 Qd6 21. Nd2 Kg7 22. Ne4 Qe7 23. Qf3 Rxh1 24. Rxh1 Rh8 25. Rxh8 Kxh8 26. Qh1+ Kg7 27. b3 Qd8 28. a4 Qd5 29. Qh2 Nxd3 30. Nxf6 Kxf6 31. Qh6+ Kf7 32. Qg6+ Kf8 33. f6 Qf7 34. Qxg5 Nxf2 35. Qf5 Nxg4 36. Qc8+ Qe8 37. Qxg4 Kf7 1/2-1/2

[Event "HUN-chT2 Maroczy 0910"]
[Site "Hungary"]
[Date "2010.01.31"]
[Round "5"]
[White "Istvanovszky, Kalman"]
[Black "Zalai, Mihaly"]
[Result "1-0"]
[WhiteElo "2215"]
[BlackElo "2160"]
[PlyCount "39"]
[EventDate "2009.11.08"]
[EventType "team-tourn"]
[EventRounds "11"]
[EventCountry "HUN"]
[SourceTitle "EXT 2011"]
[Source "ChessBase"]
[SourceDate "2010.11.26"]
[SourceVersion "1"]
[SourceVersionDate "2010.11.26"]
[SourceQuality "1"]
[WhiteTeam "Penzugyor II"]
[BlackTeam "Oroshaza"]
[WhiteTeamCountry "HUN"]
[BlackTeamCountry "HUN"]

1. e4 c5 2. Nc3 Nc6 3. f4 e6 4. Nf3 Nge7 5. d4 cxd4 6. Nxd4 Nxd4 7. Qxd4 Nc6 8. Qf2 Be7 9. Bd3 d6 10. a3 a6 11. 0-0 b5 12. Be3 Rb8 13. Ne2 Qc7 14. Rac1 Na5 15. b3 0-0 16. f5 d5 17. exd5 Bxa3 18. f6 Rd8 19. Qh4 g6 20. b4 1-0

[Event "HUN-chT2 Maroczy 0809"]
[Site "Hungary"]
[Date "2008.11.30"]
[Round "3"]
[White "Hevesi, Zoltan"]
[Black "Zalai, Mihaly"]
[Result "0-1"]
[WhiteElo "2120"]
[BlackElo "2171"]
[PlyCount "128"]
[EventDate "2008.10.26"]
[EventType "team-tourn"]
[EventRounds "11"]
[EventCountry "HUN"]
[SourceTitle "EXT 2010"]
[Source "ChessBase"]
[SourceDate "2010.11.25"]
[SourceVersion "1"]
[SourceVersionDate "2010.11.25"]
[SourceQuality "1"]
[WhiteTeam "Fuzesabony"]
[BlackTeam "Oroshaza"]
[WhiteTeamCountry "HUN"]
[BlackTeamCountry "HUN"]

1. c4 g6 2. d4 Nf6 3. Nf3 Bg7 4. Nc3 0-0 5. e4 d6 6. Be2 Nc6 7. 0-0 e5 8. d5 Ne7 9. b4 a5 10. bxa5 Rxa5 11. Nd2 Nd7 12. Nb3 Ra8 13. Be3 f5 14. f3 b6 15. a4 f4 16. Bf2 g5 17. a5 bxa5 18. Rxa5 Rxa5 19. Nxa5 Nf6 20. c5 h5 21. c6 Ng6 22. Nb5 g4 23. Na7 gxf3 24. gxf3 Bh3 25. Kh1 Kh7 26. Rg1 Ne8 27. Bf1 Bxf1 28. Qxf1 Qf6 29. Qh3 Kh6 30. Rb1 Rg8 31. Rb8 Ne7 32. Bh4 Qg6 33. Rb1 Bf6 34. Bf2 Qh7 35. Rg1 Rxg1+ 36. Kxg1 Qg6+ 37. Qg2 Qf7 38. Nb7 Nxd5 39. exd5 Qxd5 40. h3 Ng7 41. Bb6 Ne6 42. Qg8 cxb6 43. c7 Nxc7 44. Qf8+ Bg7 45. Qxd6+ Qxd6 46. Nxd6 Kg6 47. Nc6 Kf6 48. Nc4 Nd5 49. N4xe5 Ke6 50. Nd3 Kd6 51. Nd8 Bf6 52. Nf7+ Ke6 53. Nh6 Bg7 54. Ng4 hxg4 55. fxg4 b5 56. Kg2 b4 57. Kf3 Bf8 58. Nc1 Ke5 59. h4 Kd4 60. h5 Bh6 61. Nb3+ Kc3 62. Nc5 b3 63. Ne4+ Kc2 64. g5 Bxg5 0-1

[Event "HUN-chT2 Maroczy 0708"]
[Site "Hungary"]
[Date "2008.03.30"]
[Round "9"]
[White "Zalai, Mihaly"]
[Black "Dobai, Szabolcs"]
[Result "0-1"]
[WhiteElo "2171"]
[BlackElo "2177"]
[PlyCount "54"]
[EventDate "2007.10.14"]
[EventType "team"]
[EventRounds "11"]
[EventCountry "HUN"]
[SourceTitle "EXT 2009"]
[Source "ChessBase"]
[SourceDate "2008.11.26"]
[SourceVersion "1"]
[SourceVersionDate "2008.11.26"]
[SourceQuality "1"]
[WhiteTeam "Oroshaza"]
[BlackTeam "Miskolc EMSE"]
[WhiteTeamCountry "HUN"]
[BlackTeamCountry "HUN"]

1. d4 Nf6 2. c4 e6 3. Nc3 Bb4 4. Bd2 0-0 5. Nf3 b6 6. a3 Bxc3 7. Bxc3 Bb7 8. e3 Ne4 9. Qc2 d6 10. Bd3 f5 11. 0-0-0 Nd7 12. Ne1 Nxc3 13. Qxc3 Qf6 14. Kb1 c5 15. Be2 Rac8 16. Bf3 Ba6 17. b3 Rfd8 18. Qb2 b5 19. d5 Qxb2+ 20. Kxb2 e5 21. Be2 Rb8 22. Kc3 bxc4 23. Bxc4 Bxc4 24. bxc4 Nb6 25. Rc1 Na4+ 26. Kd2 Rb3 27. Nc2 Rdb8 0-1

[Event "HUN-chT2 Maroczy 0708"]
[Site "Hungary"]
[Date "2007.12.09"]
[Round "4"]
[White "Zalai, Mihaly"]
[Black "Papp, Balazs"]
[Result "1/2-1/2"]
[WhiteElo "2171"]
[BlackElo "2134"]
[PlyCount "31"]
[EventDate "2007.10.14"]
[EventType "team"]
[EventRounds "11"]
[EventCountry "HUN"]
[SourceTitle "EXT 2009"]
[Source "ChessBase"]
[SourceDate "2008.11.26"]
[SourceVersion "1"]
[SourceVersionDate "2008.11.26"]
[SourceQuality "1"]
[WhiteTeam "Oroshaza"]
[BlackTeam "Maroczy"]
[WhiteTeamCountry "HUN"]
[BlackTeamCountry "HUN"]

1. d4 d5 2. Nf3 Nf6 3. Bf4 c5 4. e3 Nc6 5. c3 Qb6 6. Qb3 c4 7. Qxb6 axb6 8. Nbd2 b5 9. Ne5 b4 10. Nxc6 bxc3 11. bxc3 bxc6 12. Be2 Bf5 13. a4 e6 14. f3 Bc2 15. Ra2 Bb3 16. Nxb3 1/2-1/2

[Event "HUN-chT2 Toth 0506"]
[Site "Hungary"]
[Date "2006.02.26"]
[Round "8"]
[White "Zalai, Mihaly"]
[Black "Toth, Andras1111"]
[Result "1-0"]
[WhiteElo "2185"]
[BlackElo "2123"]
[PlyCount "115"]
[EventDate "2005.10.16"]
[EventType "team"]
[EventRounds "11"]
[EventCountry "HUN"]
[SourceTitle "EXT 2009"]
[Source "ChessBase"]
[SourceDate "2008.11.26"]
[SourceVersion "1"]
[SourceVersionDate "2008.11.26"]
[SourceQuality "1"]
[WhiteTeam "Oroshaza"]
[BlackTeam "Bege"]
[WhiteTeamCountry "HUN"]
[BlackTeamCountry "HUN"]

1. Nf3 d5 2. g3 Nf6 3. Bg2 g6 4. b3 Bg7 5. Bb2 0-0 6. c4 c6 7. 0-0 Bg4 8. h3 Be6 9. Qc2 Qd7 10. Kh2 Na6 11. d3 Rad8 12. Nbd2 d4 13. Bxd4 Ng4+ 14. hxg4 Bxd4 15. Nxd4 Qxd4 16. g5 f5 17. f4 Bc8 18. Nf3 Qg7 19. Rab1 Nb4 20. Qb2 c5 21. Ne5 Na6 22. a3 Nc7 23. Kg1 Rd6 24. Kf2 Rfd8 25. Rh1 Ne6 26. Bd5 Rxd5 27. cxd5 Rxd5 28. e4 fxe4 29. dxe4 Rd4 30. Nf3 Rxe4 31. Qxg7+ Kxg7 32. Rbe1 Rxe1 33. Rxe1 Kf8 34. Re5 b6 35. f5 Ng7 36. f6 exf6 37. gxf6 Nh5 38. Re7 Nxf6 39. Rxa7 Be6 40. Ng5 Bxb3 41. Nxh7+ Nxh7 42. Rxh7 Bf7 43. Rh8+ Bg8 44. Rh1 Bb3 45. Rb1 c4 46. Ke3 b5 47. Kd4 Ba4 48. Re1 Kg7 49. Re5 Kf6 50. Rc5 Ke6 51. Kc3 Kf6 52. Kb4 Ke6 53. Rg5 Kf6 54. Rd5 Ke6 55. Rc5 Kf6 56. g4 Kf7 57. Rxc4 bxc4 58. Kxa4 1-0

[Event "HUN-chT2 Toth 0506"]
[Site "Hungary"]
[Date "2005.10.16"]
[Round "1"]
[White "Brhlik, Gyorgy"]
[Black "Zalai, Mihaly"]
[Result "1/2-1/2"]
[WhiteElo "2109"]
[BlackElo "2185"]
[PlyCount "120"]
[EventDate "2005.10.16"]
[EventType "team"]
[EventRounds "11"]
[EventCountry "HUN"]
[SourceTitle "EXT 2009"]
[Source "ChessBase"]
[SourceDate "2008.11.26"]
[SourceVersion "1"]
[SourceVersionDate "2008.11.26"]
[SourceQuality "1"]
[WhiteTeam "Bekes"]
[BlackTeam "Oroshaza"]
[WhiteTeamCountry "HUN"]
[BlackTeamCountry "HUN"]

1. e4 c5 2. Nc3 Nc6 3. f4 e6 4. Nf3 Nge7 5. g3 d5 6. d3 b6 7. Bg2 dxe4 8. Nxe4 Bb7 9. 0-0 Nf5 10. g4 Nfd4 11. Ng3 Qd7 12. Be3 0-0-0 13. f5 e5 14. Ne1 f6 15. Be4 Ne7 16. c3 Ndc6 17. Qe2 Nd5 18. Ng2 Nce7 19. Rad1 Nxe3 20. Nxe3 Nd5 21. Nxd5 Bxd5 22. c4 Bc6 23. Qf3 Kc7 24. b3 Be7 25. Kg2 Ba8 26. h3 Qc8 27. Ne2 Bd6 28. Nc3 Kd7 29. Bxa8 Qxa8 30. Qxa8 Rxa8 31. a4 Kc6 32. h4 Be7 33. Nd5 Rhe8 34. Kf3 Rad8 35. Ke4 Rd7 36. Rg1 Red8 37. Rg2 a6 38. Rdd2 Rxd5 39. cxd5+ Rxd5 40. h5 h6 41. Rc2 Rd4+ 42. Ke3 Rb4 43. Rb2 Kd5 44. Rg3 Bd6 45. Rgg2 Bc7 46. Kf3 a5 47. Rge2 Rf4+ 48. Kg3 e4 49. dxe4+ Rxe4+ 50. Kh3 Be5 51. Rbd2+ Rd4 52. Kg2 c4 53. Rxd4+ Bxd4 54. bxc4+ Kxc4 55. Re4 Kc5 56. Kf3 Be5 57. Ke3 b5 58. axb5 Kxb5 59. Rxe5+ fxe5 60. g5 a4 1/2-1/2